00946cam a2200265 i 450000100090000000300040000900500170001300800410003001000170007102000420008804000280013004200080015805000210016608200150018724500890020225000190029126400780031030000670038833600260045533700280048133800270050950400670053665000360060370000410063920390538OSt20231205150718.0180308s2019 enkab b 001 0 eng  a 2018937426 a9780198752905 (hardback : alk. paper) aDLCbengcDLCerdadDLC apcc00aD21.1b.O94 201900a909bFER/O04aThe Oxford illustrated history of the world /cedited by Felipe Fernández-Armesto. aFirst edition. 1aOxford, United Kingdom ;aNew York, NY :bOxford University Press,c2019. avii, 481 pages :billustrations (chiefly color), maps ;c26 cm atextbtxt2rdacontent aunmediatedbn2rdamedia avolumebnc2rdacarrier aIncludes bibliographical references (pages 435-445) and index. 0aWorld historyvPictorial works.1 aFernández-Armesto, Felipeeeditor.